[Event "LSS No Engine Cup 229 Preliminary 0"]
[Site "LSS email"]
[Date "2022.08.25"]
[Round "?"]
[White "Heiser, Jerome"]
[Black "Rzeszuto, Karol"]
[Result "0-1"]
[WhiteElo "739"]
[BlackElo "1600"]
[PlyCount "72"]
[EventDate "2022.08.25"]
[EventType "tourn (corr)"]
[EventRounds "6"]
[EventCountry "GER"]
[SourceTitle "Corr 2024"]
[Source "ChessBase"]
[SourceDate "2023.10.19"]
[SourceVersion "1"]
[SourceVersionDate "2023.10.19"]
[SourceQuality "1"]

1. e4 e5 2. Nf3 Nc6 3. Nc3 g6 4. Bc4 d6 5. h3 f5 6. exf5 Bxf5 7. d3 Bg7 8. Bxg8 Rxg8 9. Ng5 h6 10. Nge4 Qe7 11. Nd5 Qf7 12. c4 Bxe4 13. dxe4 0-0-0 14. a3 Rdf8 15. Qg4+ Kb8 16. Be3 Nd4 17. Bxd4 exd4 18. f3 c6 19. Nb4 Qxc4 20. Qxg6 Be5 21. Qxh6 Rf6 22. Rc1 Qxb4+ 23. axb4 Rxh6 24. g4 Rf8 25. Kf2 Rhf6 26. Rhf1 Rxf3+ 27. Kg2 Rxf1 28. Rxf1 Rxf1 29. Kxf1 c5 30. b5 c4 31. h4 Kc7 32. h5 Kd7 33. g5 Ke7 34. Ke2 d3+ 35. Kd2 Bxb2 36. h6 Kf7 0-1

[Event "LSS ZN-2022-0-04383"]
[Site "LSS email"]
[Date "2022.02.14"]
[Round "?"]
[White "Rzeszuto, Karol"]
[Black "Lombardi, Donato"]
[Result "0-1"]
[WhiteElo "943"]
[BlackElo "804"]
[PlyCount "40"]
[EventDate "2022.02.14"]
[EventType "match (corr)"]
[EventRounds "2"]
[EventCountry "GER"]
[SourceTitle "Corr 2024"]
[Source "ChessBase"]
[SourceDate "2023.10.19"]
[SourceVersion "1"]
[SourceVersionDate "2023.10.19"]
[SourceQuality "1"]

1. e4 e6 2. Qe2 d5 3. exd5 Qxd5 4. Nc3 Qd7 5. Nf3 Nf6 6. d4 Bd6 7. Bg5 Be7 8. 0-0-0 0-0 9. Ne5 Qd6 10. f4 Nd5 11. Nxd5 Bxg5 12. fxg5 exd5 13. g4 c5 14. h4 Nc6 15. Nxc6 bxc6 16. dxc5 Qf4+ 17. Kb1 Bxg4 18. Qa6 Bxd1 19. Qxc6 Rac8 20. Qxd5 Bf3 0-1

[Event "OP-2022-0-05254"]
[Site "LSS email"]
[Date "2022.02.11"]
[Round "?"]
[White "Martin, Simone"]
[Black "Rzeszuto, Karol"]
[Result "1-0"]
[WhiteElo "2135"]
[BlackElo "943"]
[PlyCount "53"]
[EventDate "2022.02.08"]
[EventType "tourn (corr)"]
[EventRounds "4"]
[EventCountry "GER"]
[SourceTitle "Corr 2024"]
[Source "ChessBase"]
[SourceDate "2023.10.19"]
[SourceVersion "1"]
[SourceVersionDate "2023.10.19"]
[SourceQuality "1"]

1. d4 d5 2. Bf4 Nc6 3. e3 e6 4. c3 Bd6 5. Bg3 b6 6. Nd2 Bb7 7. Ngf3 Nge7 8. Bd3 Bxg3 9. hxg3 f5 10. Rc1 Qd6 11. c4 dxc4 12. Nxc4 Qd5 13. Nce5 Nxe5 14. Nxe5 Qxg2 15. Qh5+ g6 16. Bb5+ c6 17. Qh6 cxb5 18. Rh2 Qg1+ 19. Kd2 Qxc1+ 20. Kxc1 Rc8+ 21. Kd2 Be4 22. Qg7 Rc2+ 23. Kd1 Rg8 24. Qf7+ Kd8 25. Rxh7 Re8 26. Qxe6 Rc7 27. Nf7# 1-0

[Event "OP-2022-0-05254"]
[Site "LSS email"]
[Date "2022.02.10"]
[Round "?"]
[White "Swiatek, Janusz"]
[Black "Rzeszuto, Karol"]
[Result "1-0"]
[WhiteElo "1862"]
[BlackElo "943"]
[PlyCount "51"]
[EventDate "2022.02.08"]
[EventType "tourn (corr)"]
[EventRounds "4"]
[EventCountry "GER"]
[SourceTitle "Corr 2024"]
[Source "ChessBase"]
[SourceDate "2023.10.19"]
[SourceVersion "1"]
[SourceVersionDate "2023.10.19"]
[SourceQuality "1"]

1. d4 d5 2. c4 Nc6 3. Nf3 Bg4 4. cxd5 Bxf3 5. gxf3 Qxd5 6. e3 0-0-0 7. Nc3 Qh5 8. f4 Qxd1+ 9. Kxd1 e6 10. Bd2 Nf6 11. Bg2 Ne7 12. Ke2 Ned5 13. a3 Nxc3+ 14. bxc3 Nd5 15. c4 Nb6 16. Rhc1 c5 17. a4 Nd7 18. Rcb1 b6 19. a5 Kc7 20. axb6+ axb6 21. Ra7+ Kd6 22. dxc5+ Kxc5 23. Bb4+ Kxc4 24. Rc7+ Bc5 25. Be1 Rhe8 26. Rb4# 1-0

[Event "LSS SN-2021-0-01030"]
[Site "LSS email"]
[Date "2021.09.27"]
[Round "?"]
[White "Rzeszuto, Karol"]
[Black "Molina, Vicente Andres"]
[Result "1-0"]
[WhiteElo "800"]
[BlackElo "775"]
[PlyCount "67"]
[EventDate "2021.06.22"]
[EventType "tourn (corr)"]
[EventRounds "6"]
[EventCountry "GER"]
[SourceTitle "Corr 2024"]
[Source "ChessBase"]
[SourceDate "2023.10.19"]
[SourceVersion "1"]
[SourceVersionDate "2023.10.19"]
[SourceQuality "1"]

1. e4 c6 2. d4 d5 3. Nc3 dxe4 4. Nxe4 Bf5 5. Ng3 Bg6 6. h4 h6 7. Nf3 Nd7 8. h5 Bh7 9. Bd3 Bxd3 10. Qxd3 Ngf6 11. Bf4 e6 12. 0-0-0 Nd5 13. Be3 Bd6 14. Ne4 Be7 15. g3 Qa5 16. Qb3 Nxe3 17. fxe3 b6 18. Nh4 0-0 19. Ng6 fxg6 20. Qxe6+ Kh8 21. Qxd7 Bg5 22. Nxg5 Qxg5 23. Kb1 Qxe3 24. hxg6 Rad8 25. Qxa7 Rxd4 26. Rxd4 Qxd4 27. Rxh6+ Kg8 28. Rh1 Qf6 29. a3 Qxg6 30. Qxb6 Qe4 31. Qb3+ Rf7 32. Rh8+ Kxh8 33. Qxf7 Qh1+ 34. Ka2 1-0

[Event "LSS SN-2021-0-01030"]
[Site "LSS email"]
[Date "2021.09.24"]
[Round "?"]
[White "Neumann, Otto"]
[Black "Rzeszuto, Karol"]
[Result "0-1"]
[WhiteElo "847"]
[BlackElo "800"]
[PlyCount "97"]
[EventDate "2021.06.22"]
[EventType "tourn (corr)"]
[EventRounds "6"]
[EventCountry "GER"]
[SourceTitle "Corr 2024"]
[Source "ChessBase"]
[SourceDate "2023.10.19"]
[SourceVersion "1"]
[SourceVersionDate "2023.10.19"]
[SourceQuality "1"]

1. d4 d5 2. Nf3 Nc6 3. Bf4 Bf5 4. a3 e6 5. Nc3 Bd6 6. Qd2 Nf6 7. Ne5 Bxe5 8. dxe5 Nd7 9. Bg5 f6 10. exf6 Nxf6 11. e3 Qd7 12. Bd3 Bxd3 13. Qxd3 0-0-0 14. 0-0-0 h6 15. Bh4 g5 16. Bg3 e5 17. f3 Qe6 18. h3 e4 19. fxe4 dxe4 20. Qe2 h5 21. Kb1 h4 22. Bh2 Rhf8 23. Rhf1 Rf7 24. Nb5 Rfd7 25. Rxd7 Rxd7 26. Qf2 Nd5 27. Nd4 Nxd4 28. exd4 e3 29. Qe2 Qe4 30. Be5 Nf4 31. Qg4 e2 32. Re1 Qxg2 33. Qxg2 Nxg2 34. Rxe2 Nf4 35. Re3 b6 36. Kc1 Kb7 37. c3 Kc6 38. b3 b5 39. Rf3 Rf7 40. Kc2 Kd5 41. Kd2 c5 42. Ke3 a5 43. Bxf4 gxf4+ 44. Rxf4 Rxf4 45. Kxf4 cxd4 46. cxd4 Kxd4 47. a4 b4 48. Kg4 Kc3 49. Kxh4 0-1

[Event "LSS SN-2021-0-01030"]
[Site "LSS email"]
[Date "2021.09.21"]
[Round "?"]
[White "Rzeszuto, Karol"]
[Black "Hughes, Chris"]
[Result "0-1"]
[WhiteElo "800"]
[BlackElo "782"]
[PlyCount "26"]
[EventDate "2021.06.22"]
[EventType "tourn (corr)"]
[EventRounds "6"]
[EventCountry "GER"]
[SourceTitle "Corr 2024"]
[Source "ChessBase"]
[SourceDate "2023.10.19"]
[SourceVersion "1"]
[SourceVersionDate "2023.10.19"]
[SourceQuality "1"]

1. e4 e6 2. d4 d5 3. e5 c5 4. c3 Nc6 5. Nf3 Bd7 6. a3 f6 7. b4 fxe5 8. Nxe5 Nxe5 9. dxe5 Qc7 10. Bf4 Be7 11. Bd3 a6 12. Qh5+ Kd8 13. Bg5 Qxe5+ 0-1